|
|
|
|
| LEADER |
00876cam a2200241 7i4500 |
| 001 |
0000030653 |
| 005 |
20170218090000.0 |
| 008 |
100308 eng |
| 020 |
|
|
|a 0715329251 (pbk.)
|
| 020 |
|
|
|a 9780715329252 (pbk.)
|
| 090 |
0 |
0 |
|a NC730
|b .T56 2008
|
| 100 |
1 |
|
|a Tiner, Ron
|
| 245 |
0 |
0 |
|a Drawing from your imagination
|c Ron Tiner.
|
| 260 |
|
|
|a Newton Abbot:
|b David & Charles,
|c 2008.
|
| 300 |
|
|
|a 128 p.:
|b col. ill.;
|c 28 cm.
|
| 500 |
|
|
|a Includes bibliographical references and index
|
| 650 |
0 |
0 |
|a Painting --
|x Technique
|
| 650 |
0 |
0 |
|a Imagination
|
| 650 |
0 |
0 |
|a Drawing --
|x Technique
|
| 997 |
|
|
|a Communication, Visual Art & Computing, Faculty
|b Visual Art, Department
|
| 998 |
|
|
|a Digital Graphic Design, Diploma
|
| 998 |
|
|
|a Digital Graphic Design, Degree
|
| 999 |
|
|
|a 0000038581
|b BOK
|c CLOSED ACCESS COLLECTION
|e Circulation Counter, Bestari Jaya
|